| 000 | 00816cam a2200217 4500 | ||
|---|---|---|---|
| 001 | ABS64536 | ||
| 008 | 010926n2001 000 0 eng u | ||
| 035 | _a(Sirsi) u114853 | ||
| 245 | _aPFM Industry survey | ||
| 260 | _C2001 | ||
| 490 |
_aPremises and Facilities Management _vSeptember 2001, 65-74(6) |
||
| 520 | _aAn annual guide to the financial strength, customer base and aims and objectives of the main facilities management service providers in the UK. This, the fifth, annual PFM Industry Survey includes 38 entries. Companies have not been ranked, but are listed in alphabetical order. | ||
| 590 | _aABS | ||
| 650 | _aSURVEY | ||
| 650 | _aSERVICE PROVIDERS | ||
| 650 | _aCUSTOMERS | ||
| 650 | _aFINANCE | ||
| 650 | _aUNITED KINGDOM | ||
| 690 | _aMANAGEMENT-FACILITIES MANAGEMENT | ||
| 942 | _n0 | ||
| 999 |
_c68383 _d68383 |
||